Music Quiz

Random Music or Pop Music Quiz

Mariah Carey Albums Quiz Stats

 Plays Quiz Updated Nov 16, 2018

     
Support Sporcle.
Go Orange.
Score 0/13 Timer 06:00
0 Plays Today
Year Album % Correct
1990Mariah Carey
93.7%
1997Butterfly
86.4%
1991Emotions
83.3%
2005The Emancipation of Mimi
83.2%
1993Music Box
82.7%
2001Glitter
81.8%
1999Rainbow
80.8%
1995Daydream
78.3%
2008E=MC²
78.1%
2002Charmbracelet
76%
2018Caution
69.1%
2014Me. I Am Mariah…The Elusive Chanteuse
68.2%
2009Memoirs of an Imperfect Angel
67.7%

From the Vault

Ocarina of Time Songs

by bostick21

Gaming 7m
If you've played Ocarina of Time enough, then you know these songs by heart.
Remove Ads.
Support Sporcle.
Get the best of Sporcle when you Go Orange. This ad-free experience offers more features, more stats, and more fun while also helping to support Sporcle. Thank you for becoming a member.

Show Comments

Extras

Top Quizzes Today


Score Distribution

Your Account Isn't Verified!

In order to create a playlist on Sporcle, you need to verify the email address you used during registration. Go to your Sporcle Settings to finish the process.

Report this User

Report this user for behavior that violates our Community Guidelines.

Details: